[Event "SRB-chT2 East"]
[Site "Serbia"]
[Date "2006.10.27"]
[Round "8.2"]
[White "Illijin, Neboisa"]
[Black "Stojkovic, Dragan S"]
[Result "1-0"]
[WhiteElo "2249"]
[BlackElo "1760"]
[PlyCount "45"]
[EventDate "2006.09.09"]
[EventType "team"]
[EventRounds "11"]
[EventCountry "SRB"]
[SourceTitle "EXT 2012"]
[Source "ChessBase"]
[SourceDate "2011.11.24"]
[SourceVersion "1"]
[SourceVersionDate "2011.11.24"]
[SourceQuality "1"]

1. Nf3 Nf6 2. c4 c5 3. g3 g6 4. Bg2 Nc6 5. d4 cxd4 6. Nxd4 Nxd4 7. Qxd4 Bg7 8. Nc3 0-0 9. 0-0 d6 10. Rd1 a6 11. Qh4 Qc7 12. Bg5 Re8 13. Rac1 Rb8 14. Bxf6 Bxf6 15. Nd5 Qa5 16. Nxf6+ exf6 17. Qxf6 Qxa2 18. Rxd6 Be6 19. c5 a5 20. h4 h5 21. Be4 Kh7 22. Rcd1 Qc4 23. Bxg6+ 1-0

[Event "SRB-chT3 East"]
[Site "Serbia"]
[Date "2006.09.10"]
[Round "1"]
[White "Stojkovic, Dragan S"]
[Black "Karaklajic, Milutin"]
[Result "0-1"]
[WhiteElo "1760"]
[BlackElo "2126"]
[PlyCount "91"]
[EventDate "2006.09.10"]
[EventType "team"]
[EventRounds "11"]
[EventCountry "SRB"]
[SourceTitle "EXT 2012"]
[Source "ChessBase"]
[SourceDate "2011.11.24"]
[SourceVersion "1"]
[SourceVersionDate "2011.11.24"]
[SourceQuality "1"]

1. e4 e5 2. Nf3 Nc6 3. d4 exd4 4. Nxd4 Bc5 5. c3 Qe7 6. Be3 Bxd4 7. cxd4 Qxe4 8. Nc3 Qe7 9. Nd5 Qd8 10. Bc4 Nge7 11. 0-0 Nxd5 12. Bxd5 0-0 13. Qh5 Qf6 14. Be4 g6 15. Qd1 d6 16. d5 Re8 17. Bc2 Nb4 18. Bd4 Qg5 19. Ba4 Re7 20. Re1 Bg4 21. Qb3 a5 22. Qg3 Nxd5 23. Rxe7 Nxe7 24. Be3 Qh5 25. h3 Be6 26. Bg5 Nf5 27. Qf4 h6 28. Bf6 g5 29. Qe4 c6 30. Bd1 Qg6 31. Bc3 Bd5 32. Qd3 h5 33. Bxh5 Qxh5 34. Qxf5 Qg6 35. Qxg6+ fxg6 36. Re1 Kf7 37. Bd2 Bxa2 38. Bxg5 Be6 39. g4 a4 40. Re3 Ra5 41. Rf3+ Kg8 42. Bf6 Rc5 43. Kh2 b5 44. Kg3 b4 45. Re3 Bd5 46. Rd3 0-1